Buddhistické země - Statistics

General Stats
  • This quiz has been taken 390 times
  • The average score is 10 of 14
Answer Stats
% země % Correct
18,2 Čínská lidová republika
94%
93,2 Thajsko
87%
16,4 Vietnam
87%
36,2 Japonsko
85%
66,0 Laos
81%
80,1 Myanmar
75%
74,7 Bhútán
72%
22,9 Jižní Korea
72%
96,9 Kambodža
72%
55,1 Mongolsko
70%
17,7 Malajsie
66%
69,3 Srí Lanka
54%
33,9 Singapur
51%
21,3 Čínská republika
29%
No matching quizzes found
Score Distribution
Percent of People with Each Score
Percentile by Number Answered
Your Score History
You have not taken this quiz